| 000 | nam a22 7a 4500 | ||
|---|---|---|---|
| 999 |
_c29639 _d29639 |
||
| 008 | 180427b xxu||||| |||| 00| 0 eng d | ||
| 020 | _a9780495991397 | ||
| 050 | _aHF 5636 .N63 2013 | ||
| 100 | _aNobles, Tracie L. | ||
| 245 |
_aCollege accounting 11th edition / _cTracie L. Nobles, Cathy Scott, Douglas J. McQuaig, Patricia A. Bille. |
||
| 250 | _a11th ed. | ||
| 260 |
_aUnited kingdom : _bCengage learning, _c2013. |
||
| 300 |
_axxv, 770, [18] p.: _bill.; _c28cm. |
||
| 500 | _aInclude index. | ||
| 650 | _aAccounting. | ||
| 700 | _aScott Cathy. | ||
| 700 | _aMcQuaig, Douglas J. | ||
| 700 | _aBille, Patricia A. | ||
| 942 |
_2lcc _cBOOKS _hHF 5636 .N63 2013 |
||